| 000 | 01238nam a22002297 4500 | ||
|---|---|---|---|
| 999 |
_c848 _d848 |
||
| 003 | AR-BaISA | ||
| 005 | 20231023163918.0 | ||
| 007 | ta | ||
| 008 | 220407b2009 ag ad||f |||| 000 0 spa d | ||
| 020 | _a9789876520515 | ||
| 040 |
_bspa _cAR-BaISA |
||
| 082 |
_222 _a615.1 Is7fa |
||
| 100 | 1 |
_9410 _aIsolabella, Dora |
|
| 245 | 1 | 0 |
_aFarmacología para nutricionistas 1 / _bDora Isolabella |
| 260 |
_aBuenos Aires: _bEdiciones cooperativas, _c2009 |
||
| 300 |
_a200 p.: _bil., gráfs., fotos |
||
| 501 | _aBibliografía al final de cada capítulo. | ||
| 505 |
_tFarmacología general -- _tEnsayos clínicos -- _tInteracción droga-alimento -- _tCaracterización: suplementos dietarios, fitofármacos, productos herbales, alimentos funcionales, nutracéuticos -- _tFarmacología de las tiroides -- _tTratamiento farmacológico de la obesidad -- _tTerapéutica farmacológica de la caquexia asociada al cáncer -- _tAntiinflamatorios no esteroideos, tratamiento farmacológico de la gota -- _tTratamiento farmacológico de la diabetes -- _tConceptos de farmacoeconomía -- _tSuplementos dietarios |
||
| 650 | 1 | 4 |
_9411 _aFarmacología clínica |
| 650 | 1 | 0 |
_aEnfermedades nutricionales y metabólicas _vfarmacología _91999 |
| 942 |
_2ddc _cLI _e22 |
||